000 00582nam a22001697a 4500
008 161214b xxu||||| |||| 00| 0 eng d
020 _a978-0-07-339782-5
082 _22009
_aDRef 658.05
_bD49
245 _aDeveloping world/
_cedited by Robert J. Griffiths.
250 _a19th edition
260 _aBoston:
_bMcGraw-Hill Higher Education,
_cc2009.
300 _axvi, 191 pages:
_billustrations;
_c28 cm.
500 _aIncludes bibliographical references.
650 0 _918276
_aDeveloping countries
_vPeriodicals
700 _918277
_aGiffiths, Robert J.
942 _2ddc
_cDREF
999 _c6022
_d6022